[Event "Paris-ch op-B"]
[Site "Paris"]
[Date "2009.07.06"]
[Round "3"]
[White "Lambert, Olivier"]
[Black "Bacani, Ricardo"]
[Result "0-1"]
[WhiteElo "1765"]
[BlackElo "1898"]
[PlyCount "96"]
[EventDate "2009.07.04"]
[EventType "swiss"]
[EventRounds "9"]
[EventCountry "FRA"]
[SourceTitle "EXT 2010"]
[Source "ChessBase"]
[SourceDate "2010.11.25"]
[SourceVersion "1"]
[SourceVersionDate "2010.11.25"]
[SourceQuality "1"]

1. d4 d5 2. Nf3 Nf6 3. Bf4 e6 4. e3 Be7 5. Bd3 Nbd7 6. Nbd2 c6 7. Ne5 a6 8. 0-0 0-0 9. Qf3 c5 10. c3 Re8 11. g4 Nxe5 12. dxe5 Nd7 13. Qh3 Nf8 14. Nf3 Bd7 15. Bc2 Rc8 16. Rad1 Ng6 17. Rd2 Rf8 18. Rfd1 Bc6 19. c4 b5 20. cxd5 exd5 21. Be4 Qa5 22. Bb1 Rcd8 23. e6 f6 24. Qh5 d4 25. Nh4 Rd5 26. Bf5 Be8 27. e4 Rxf5 28. Nxf5 Qxa2 29. Rd3 Nxf4 30. Nxe7+ Kh8 31. Qxc5 Qxe6 32. R3d2 Ng6 33. Qf5 Qxe7 34. Rxd4 Nh4 35. Qf4 g5 36. Qe3 Bg6 37. Rd7 Qe6 38. h3 Qc6 39. Rd8 Rxd8 40. Rxd8+ Kg7 41. Qa7+ Bf7 42. Qe3 a5 43. Rd3 a4 44. Rc3 Qb7 45. Rc5 Qd7 46. Rxg5+ fxg5 47. Qxg5+ Ng6 48. e5 Qe6 0-1

[Event "Paris-ch op-B"]
[Site "Paris"]
[Date "2009.07.05"]
[Round "2"]
[White "Rakotovao, Dimbiniaina"]
[Black "Lambert, Olivier"]
[Result "0-1"]
[WhiteElo "1499"]
[BlackElo "1765"]
[PlyCount "112"]
[EventDate "2009.07.04"]
[EventType "swiss"]
[EventRounds "9"]
[EventCountry "FRA"]
[SourceTitle "EXT 2010"]
[Source "ChessBase"]
[SourceDate "2010.11.25"]
[SourceVersion "1"]
[SourceVersionDate "2010.11.25"]
[SourceQuality "1"]

1. e4 e6 2. Nf3 d5 3. exd5 exd5 4. d4 Bd6 5. Be2 Bf5 6. Nc3 c6 7. 0-0 Ne7 8. Re1 0-0 9. Bg5 f6 10. Be3 Nd7 11. Nh4 Be6 12. Bd3 Bf7 13. Qg4 g6 14. f4 Kh8 15. Bd2 Rg8 16. Re3 Qc7 17. Rh3 Nf8 18. Re1 Qc8 19. Qxc8 Rxc8 20. f5 g5 21. Ng6+ Nfxg6 22. fxg6 Nxg6 23. Rf3 Bf4 24. Bxf4 Nxf4 25. Bf5 Rce8 26. Rxe8 Rxe8 27. g3 Ne2+ 28. Nxe2 Rxe2 29. Rf2 Rxf2 30. Kxf2 Bg6 31. Bc8 b6 32. c3 Kg7 33. Bb7 Be8 34. b4 a5 35. a3 axb4 36. axb4 b5 37. Bc8 Kf7 38. Kf3 h5 39. h4 Ke7 40. Bf5 Bd7 41. Bxd7 Kxd7 42. g4 hxg4+ 43. Kxg4 gxh4 44. Kxh4 Ke7 45. Kg4 Kf7 46. Kh5 Kg7 47. Kh4 Kh6 48. Kg4 Kg6 49. Kf4 f5 50. Ke5 Kg5 51. Kd6 f4 52. Kxc6 f3 53. Kxd5 f2 54. Kc6 f1Q 55. Kb6 Qc4 56. Ka6 Kf4 0-1